|
|
|
|
| LEADER |
01403nam a2200337 a 4500 |
| 001 |
000022015 |
| 003 |
CZ BrMZK |
| 005 |
20190829200501.0 |
| 008 |
950313s1995 xr f cze d |
| 015 |
|
|
|a cnb000106945
|
| 020 |
|
|
|a 80-260-7739-3
|q (brož.)
|z 80-85864-12-6
|
| 035 |
|
|
|a (OCoLC)36606518
|
| 040 |
|
|
|a ABA001
|b cze
|
| 041 |
1 |
|
|a cze
|h eng
|
| 043 |
|
|
|a et-----
|
| 045 |
|
|
|a x9x9
|
| 080 |
9 |
|
|a 339.9
|
| 080 |
9 |
|
|a 339.1
|
| 245 |
0 |
0 |
|a Příprava přidružených zemí střední a východní Evropy na začlenění do vnitřního trhu Unie :
|b Bílá kniha : konečné znění /
|c [z angličtiny přeložil Zdeněk Masopust]
|
| 246 |
3 |
|
|a Bílá kniha
|
| 250 |
|
|
|a 1. vyd.
|
| 260 |
|
|
|a Praha :
|b Delegace Evropské komise v České republice,
|c 1995
|
| 300 |
|
|
|a 32 s. ;
|c 25 cm
|
| 655 |
|
7 |
|a studie
|7 fd133597
|2 czenas
|
| 700 |
1 |
|
|a Masopust, Zdeněk,
|d 1938-2012
|7 jk01080499
|4 trl
|
| 856 |
4 |
1 |
|u http://www.digitalniknihovna.cz/mzk/uuid/uuid:0885f570-57db-11e6-a8e4-005056827e52
|y Digitalizovaný dokument
|x NDK
|
| 910 |
|
|
|a BOA001
|b X2-1010.179
|
| 990 |
|
|
|a BK
|
| 996 |
7 |
|
|b 2610022835
|c X2-1010.179
|l MZK
|r Sklad / do 24 hodin
|n 22
|p p.v.
|w 000022015
|u 000010
|a 1
|e BOA001
|j MZK50
|s A
|
| 996 |
6 |
|
|b 2610022836
|c X2-1010.179
|l MZK
|r Sklad / do 24 hodin
|n 0
|p p.v.
|w 000022015
|u 000020
|a 1
|e BOA001
|j MZK50
|s P
|
| 996 |
7 |
|
|b 2610022840
|c X2-1010.179
|l MZK
|r Sklad / do 24 hodin
|n 0
|w 000022015
|u 000030
|a 1
|e BOA001
|j MZK50
|s A
|